| 000 | 01114nam a22002657a 4500 | ||
|---|---|---|---|
| 005 | 20170124102936.0 | ||
| 010 | _aA-401011 | ||
| 020 | _c50.00 | ||
| 035 | _aA-401011 | ||
| 037 | _bCen Lib/Ret | ||
| 040 |
_aDPL _bHN |
||
| 082 |
_a827 _bमजीठि |
||
| 100 |
_aमजीठिया, सुदर्शन _942466 |
||
| 245 |
_aपब्लिक सैक्टर का सांड : _cसुदर्शन मजीठिया _bहास्य-व्यंग्य / |
||
| 246 |
_aPublic sector ka saand : hasye-vyang / _bby Sudarshan Majeethiya |
||
| 260 |
_bशान्ति प्रकाशन _aरोहतक _c1989 |
||
| 270 |
_bहरियाणा _aआसन 124421 _e110006 |
||
| 300 |
_a104पृ. _c20सेमी (सजिल्द) |
||
| 500 | _aअनुक्रमाणिका शामिल | ||
| 650 |
_aहिन्दी -- साहित्य _946730 |
||
| 650 |
_aहिन्दी -- कहानी _9779 |
||
| 650 |
_aHindi - literature _946731 |
||
| 650 |
_aHindi - Story _943117 |
||
| 942 |
_2ddc _cHN _h827 _mमजीठि |
||
| 999 |
_c112290 _d112290 |
||